000 00668nam a2200229Ia 4500
003 OSt
005 20220928134717.0
006 a|||||r|||| 00| 0
007 ta
008 220927b |||||||| |||| 00| 0 eng d
024 _a93283
037 _cTextual
040 _aSDCL
_cSDCL
_beng
041 _2eng
_aeng
082 _aL358, M9.1-.2
100 _aStamatoyannopoulos George Ed.
_9487786
245 0 _aHemoglobin switching.2V.
260 _aNew York
_b Alan R. Liss
_c1989
700 _a Nienhuis Arthur W Ed.
_9487787
942 _hL358, M9.1-.2
_cTEXL
_2CC
999 _c802580
_d802580